Normal view
MARC view
Entry Personal Name
001 - CONTROL NUMBER
- control field: 31907
003 - CONTROL NUMBER IDENTIFIER
- control field: ARRUPE
005 - DATE AND TIME OF LATEST TRANSACTION
- control field: 20170601115019.0
008 - FIXED-LENGTH DATA ELEMENTS
- fixed length control field: 170601|| aca||aabn | a|a d
040 ## - CATALOGING SOURCE
- Original cataloging agency: ARRUPE
- Transcribing agency: ARRUPE
100 ## - HEADING--PERSONAL NAME
- Personal name: Catholic Institute of International Relations
670 ## - SOURCE DATA FOUND
- Source citation: Work cat.: (ARRUPE)5665: Catholic Institute of International Relations, Rhodesia after the internal settlement, 1978